Southville International School and Colleges
Your cart is empty.
  • Cart
  • Lists
    Public lists Eva Luna New books Lux_list list_1
    Your lists Log in to create your own lists
  • Log in to your account
  • Your cookies
  • Search history
Southville International School and Colleges
  • Advanced search
  • Recent comments
  • Most popular
  • Libraries

Log in to your account

Log in with GOOGLE


If you do not have an external account, but do have a local account, you can still log in:

  1. Home
  2. MARC view: Management /
Normal view MARC view ISBD view

Management / (Record no. 48421)

[ view plain ]
MARC details
000 -LEADER
fixed length control field 00546nam a2200181Ia 4500
008 - FIXED-LENGTH DATA ELEMENTS--GENERAL INFORMATION
fixed length control field 140321s9999 xx 000 0 und d
020 ## - INTERNATIONAL STANDARD BOOK NUMBER
International Standard Book Number 9789719299769
050 ## - LIBRARY OF CONGRESS CALL NUMBER
Classification number HD 31
Item number .M916 2010
100 ## - MAIN ENTRY--PERSONAL NAME
Personal name Tongo-Mosura, Carmel
245 ## - TITLE STATEMENT
Title Management /
Statement of responsibility, etc Carmel Tongco-Mosura and Vicente Camilo T. Mendez.
260 ## - PUBLICATION, DISTRIBUTION, ETC. (IMPRINT)
Place of publication, distribution, etc Mandaluyong City :
Name of publisher, distributor, etc ASCENT Publishing Enterprise,
Date of publication, distribution, etc c2010.
300 ## - PHYSICAL DESCRIPTION
Extent 236 p. :
Dimensions 23 cm.
500 ## - GENERAL NOTE
General note Includes bibliographical references.
521 ## - TARGET AUDIENCE NOTE
Target audience note
650 ## - SUBJECT ADDED ENTRY--TOPICAL TERM
Topical term or geographic name as entry element Management.
942 ## - ADDED ENTRY ELEMENTS (KOHA)
Call number prefix Local
Koha item type Books
Holdings
Withdrawn status Lost status Source of classification or shelving scheme Damaged status Home library Current library Shelving location Date acquired Source of acquisition Total Checkouts Total Renewals Full call number Barcode Date last seen Date checked out Price effective from Koha item type
    Library of Congress Classification   Archives Archives   03/21/2014 Donation 2 3 HD 31 .M916 2010 C17704 05/08/2018 02/02/2017 03/21/2014 Books

Management /

APA

Tongo-Mosura C., . (2010). Management. Mandaluyong City: ASCENT Publishing Enterprise.

Chicago

Tongo-Mosura Carmel, . 2010. Management. Mandaluyong City: ASCENT Publishing Enterprise.

Harvard

Tongo-Mosura C., . (2010). Management. Mandaluyong City: ASCENT Publishing Enterprise.

MLA

Tongo-Mosura Carmel, . Management. Mandaluyong City: ASCENT Publishing Enterprise. 2010.

  • Place hold
  • Print
  • Cite
  • Add to your cart (remove)
  • Save record
    BIBTEX Dublin Core MARCXML MARC (non-Unicode/MARC-8) MARC (Unicode/UTF-8) MARC (Unicode/UTF-8, Standard) MODS (XML) RIS
  • More searches
    Search for this title in:
    Other Libraries (WorldCat) Other Databases (Google Scholar) Online Stores (Bookfinder.com) Open Library (openlibrary.org)

Exporting to Dublin Core...

SOUTHVILLE LIBRARY

Southville International School and Colleges Library

1281 Tropical Ave. Cor. Luxembourg St., BF Homes International, Las Pinas City

Tel. No. 8256374 / 252358 Loc. 117/146

Powered by Koha